| 000 | 00336nam a22001337a 4500 | ||
|---|---|---|---|
| 020 | _a`8186321632 | ||
| 082 |
_a631.1 _bOJH/PR |
||
| 100 |
_aOjha, T P _aMichael, A M _91367 |
||
| 245 | _aPrinciples of Agricultural Engineering- Vo-lI | ||
| 250 | _a3 / 6 | ||
| 260 |
_aNew Delhi _bJain Brothers _c2012 |
||
| 300 | _a902,888 | ||
| 942 | _cBK | ||
| 999 |
_c14113 _d14113 |
||